History Quiz

Random History or Politics Quiz

Famous Activists Slideshow Quiz Stats

 Plays Quiz Updated Jan 28, 2016

Score 0/15 Timer 05:00
3 Plays Today
% Correct
Martin Luther King, Jr.
98.4%
Mohandas Gandhi
97.1%
Nelson Mandela
86.9%
Harvey Milk
73.6%
Desmond Tutu
68.5%
Frederick Douglass
59%
Lech Walesa
54.9%
Jane Goodall
54%
% Correct
Malala Yousafzai
47.1%
César Chávez
39.4%
Thomas Paine
31.5%
Elizabeth Cady Stanton
23%
Aung San Suu Kyi
21.1%
Emma Goldman
10.8%
Rigoberta Menchú
7.1%

You're not logged in!

Compare scores with friends on all Sporcle quizzes.
OR
Log In

You Might Also Like...

Show Comments

Extras

Top Quizzes Today


Score Distribution

Your Account Isn't Verified!

In order to create a playlist on Sporcle, you need to verify the email address you used during registration. Go to your Sporcle Settings to finish the process.

Report this User

Report this user for behavior that violates our Community Guidelines.

Details: